UM Logo

Corporate social responsibility, good governance, and environmental accountability : (Record no. 23972)

MARC details
000 -LEADER
fixed length control field 00937 a2200193 4500
005 - DATE AND TIME OF LATEST TRANSACTION
control field 20251006085828.0
008 - FIXED-LENGTH DATA ELEMENTS--GENERAL INFORMATION
fixed length control field 251006b |||||||| |||| 00| 0 eng d
020 ## - INTERNATIONAL STANDARD BOOK NUMBER
International Standard Book Number 9786214272334
082 ## - DEWEY DECIMAL CLASSIFICATION NUMBER
Classification number DFil 658.408 M523 2025
100 ## - MAIN ENTRY--PERSONAL NAME
Personal name Mendoza, Ernesto H.
9 (RLIN) 68478
245 ## - TITLE STATEMENT
Title Corporate social responsibility, good governance, and environmental accountability :
Remainder of title a tri-focal approach to the philosophy of business synergies and interrelationships with code of corporate governance for publicly-listed companies /
Statement of responsibility, etc. Ernesto H. Mendoza and Lorma S.P. Garcia.
260 ## - PUBLICATION, DISTRIBUTION, ETC. (IMPRINT)
Place of publication, distribution, etc. Manila :
Name of publisher, distributor, etc. Unlimited Books Library Services & Publishing Inc.,
Date of publication, distribution, etc. ©2025.
300 ## - PHYSICAL DESCRIPTION
Extent xii, 316 pages :
Other physical details illustrations :
Dimensions 25 cm.
500 ## - GENERAL NOTE
General note Includes glossary and references.
650 #0 - SUBJECT ADDED ENTRY--TOPICAL TERM
Topical term or geographic name as entry element Social responsibility of business.
9 (RLIN) 68479
650 #0 - SUBJECT ADDED ENTRY--TOPICAL TERM
Topical term or geographic name as entry element Corporate governance
General subdivision Textbooks.
9 (RLIN) 68480
700 ## - ADDED ENTRY--PERSONAL NAME
Personal name Garcia, Lorma S.P.,
Relator term author.
9 (RLIN) 68481
942 ## - ADDED ENTRY ELEMENTS (KOHA)
Source of classification or shelving scheme Dewey Decimal Classification
Koha item type Filipiniana
Holdings
Withdrawn status Lost status Source of classification or shelving scheme Damaged status Not for loan Collection code Home library Current library Date acquired Source of acquisition Cost, normal purchase price Total Checkouts Full call number Barcode Date last seen Copy number Price effective from Koha item type
    Dewey Decimal Classification     Filipiniana UM Digos College - LIC UM Digos College - LIC 08/11/2025 Purchased 1385.00   DFil 658.408 M523 2025 28937 10/06/2025 1 10/06/2025 Filipiniana
    Dewey Decimal Classification     Filipiniana UM Digos College - LIC UM Digos College - LIC 08/11/2025 Purchased 1385.00   DFil 658.408 M523 2025 28938 10/06/2025 2 10/06/2025 Filipiniana
    Dewey Decimal Classification     Filipiniana UM Digos College - LIC UM Digos College - LIC 08/11/2025 Purchased 1385.00   DFil 658.408 M523 2025 28939 10/06/2025 3 10/06/2025 Filipiniana